British Racecourses - Statistics

General Stats
  • This quiz has been taken 660 times
    461 since last reset
  • The average score is 36 of 59
Answer Stats
Town County Answer % Correct
A Merseyside Aintree
92%
A Surrey Ascot
90%
Y North Yorkshire York
87%
A Ayrshire Ayr
85%
N Tyne & Wear Newcastle
85%
C Cheshire Chester
84%
E Surrey Epsom
81%
P Perthshire Perth
81%
L Leicestershire Leicester
80%
N Nottinghamshire Nottingham
80%
C Gloucestershire Cheltenham
79%
H Herefordshire Hereford
78%
W Warwickshire Warwick
78%
W Worcestershire Worcester
78%
D South Yorkshire Doncaster
76%
GY Norfolk Great Yarmouth
76%
C Cumbria Carlisle
75%
E Devon Exeter
75%
T Somerset Taunton
74%
U Staffordshire Uttoxeter
71%
B Sussex Brighton
68%
R North Yorkshire Ripon
67%
W West Midlands Wolverhampton
67%
N Suffolk Newmarket
66%
NA Devon Newton Abbot
66%
B Somerset Bath
65%
C Essex Chelmsford
65%
MR Lincolnshire Market Rasen
62%
C Monmouthshire Chepstow
58%
N Berkshire Newbury
58%
B Wrexham Bangor
57%
B East Riding of Yorkshire Beverley
57%
H Northumberland Hexham
57%
P West Yorkshire Pontefract
55%
H Cambridgeshire Huntingdon
54%
W Berkshire Windsor
52%
K Surrey Kempton
51%
M East Lothian Musselburgh
51%
G Sussex Goodwood
50%
L Shropshire Ludlow
50%
S Wiltshire Salisbury
50%
L Surrey Lingfield
49%
C North Yorkshire Catterick
48%
F Norfolk Fakenham
48%
K Roxburghshire Kelso
48%
S Surrey Sandown
48%
T North Yorkshire Thirsk
48%
H Lancashire Haydock
47%
R North Yorkshire Redcar
47%
W Somerset Wincanton
45%
H Lanarkshire Hamilton
44%
C Cumbria Cartmel
43%
W West Yorkshire Wetherby
42%
S Warwickshire Stratford
40%
P Sussex Plumpton
38%
S Durham Sedgefield
38%
S Nottinghamshire Southwell
38%
F Carmarthenshire Ffos Las
36%
F Sussex Fontwell
33%
No matching quizzes found
Score Distribution
Percent of People with Each Score
Percentile by Number Answered
Your Score History
You have not taken this quiz since the last reset